| 000 | 00581nam a2200205Ia 4500 | ||
|---|---|---|---|
| 003 | IN-BaIIA | ||
| 008 | 211028s9999 xx 000 0 eng d | ||
| 020 | _a0-205-05679-2 | ||
| 040 | _cIIA Library | ||
| 080 |
_a52 _bWYA |
||
| 100 |
_aWyatt, Stanley P _99571 |
||
| 245 | 0 |
_aPrinciples of astronomy _cStanley P Wyatt |
|
| 250 | _a3rd ed. | ||
| 260 |
_aBoston _bAllyn and Bacon _c1977 |
||
| 300 | _axv, 730p. | ||
| 650 |
_aAstronomy _980 |
||
| 650 | _aAstronomy and astrophysics thesaurus | ||
| 650 |
_aAstrophysics _9794 |
||
| 942 | _cBK | ||
| 999 |
_c5512 _d5512 |
||